[Event "GER-ch56 final email"]
[Site "GER email"]
[Date "2011.08.01"]
[Round "?"]
[White "Lange, Lutz"]
[Black "Hinz, Horst"]
[Result "1-0"]
[WhiteElo "2286"]
[BlackElo "2146"]
[PlyCount "87"]
[EventDate "2011.08.08"]
[EventType "tourn (corr)"]
[EventRounds "8"]
[EventCountry "GER"]
[SourceTitle "Corr 2015"]
[Source "ChessBase"]
[SourceDate "2015.07.17"]
[SourceVersion "1"]
[SourceVersionDate "2015.07.17"]
[SourceQuality "1"]
[WhiteTeam "Germany"]
[BlackTeam "Germany"]
[WhiteTeamCountry "GER"]
[BlackTeamCountry "GER"]

1. d4 d5 2. c4 c6 3. Nf3 Nf6 4. Nc3 dxc4 5. a4 Bf5 6. Ne5 Nbd7 7. Nxc4 Qc7 8. g3 e5 9. dxe5 Nxe5 10. Bf4 Nfd7 11. Bg2 f6 12. 0-0 0-0-0 13. Rc1 Nc5 14. Qe1 a5 15. Nb5 cxb5 16. axb5 b6 17. b4 axb4 18. Qxb4 Be6 19. Ra1 Kd7 20. Nxe5+ fxe5 21. Bg5 Rb8 22. Bc6+ Kc8 23. Rfd1 Bd6 24. Rd2 h5 25. Rad1 Be7 26. Bd7+ Bxd7 27. Bxe7 Rh6 28. Rd5 Bxb5 29. Bd8 Qc6 30. Bxb6 Qxb6 31. Rxc5+ Rc6 32. Rxe5 g6 33. Rb1 Rd6 34. Rxb5 Qxb5 35. Qxb5 Rxb5 36. Rxb5 Kd7 37. Re5 Rd4 38. f4 Rd2 39. Kg2 Rd4 40. Rg5 Rd6 41. e4 Re6 42. f5 Re5 43. Rxg6 Rxe4 44. Kh3 1-0

[Event "GER-ch56 final email"]
[Site "GER email"]
[Date "2011.08.01"]
[Round "?"]
[White "Lange, Lutz"]
[Black "Loeffler, Werner"]
[Result "1/2-1/2"]
[WhiteElo "2286"]
[BlackElo "2135"]
[PlyCount "51"]
[EventDate "2011.08.08"]
[EventType "tourn (corr)"]
[EventRounds "8"]
[EventCountry "GER"]
[SourceTitle "Corr 2015"]
[Source "ChessBase"]
[SourceDate "2015.07.17"]
[SourceVersion "1"]
[SourceVersionDate "2015.07.17"]
[SourceQuality "1"]
[WhiteTeam "Germany"]
[BlackTeam "Germany"]
[WhiteTeamCountry "GER"]
[BlackTeamCountry "GER"]

1. d4 Nf6 2. c4 e6 3. Nf3 d5 4. Nc3 c6 5. e3 Nbd7 6. Qc2 Bd6 7. Be2 0-0 8. 0-0 dxc4 9. Bxc4 a6 10. a4 c5 11. dxc5 Bxc5 12. b3 b6 13. Ne4 Be7 14. Rd1 Bb7 15. Nxf6+ Bxf6 16. Nd4 Qb8 17. Bb2 Ne5 18. Be2 Rc8 19. Qd2 Qd6 20. Qe1 Qe7 21. Ba3 Qe8 22. Rac1 Ng6 23. Rxc8 Qxc8 24. Rc1 Qd7 25. Nf3 h6 26. Qd2 1/2-1/2

[Event "GER-ch43 V05 email"]
[Site "GER email"]
[Date "2011.04.10"]
[Round "?"]
[White "Bekemann, Uwe"]
[Black "Lange, Lutz"]
[Result "1/2-1/2"]
[WhiteElo "2036"]
[BlackElo "2280"]
[PlyCount "65"]
[EventDate "2011.04.18"]
[EventType "tourn (corr)"]
[EventRounds "10"]
[EventCountry "GER"]
[SourceTitle "Corr 2015"]
[Source "ChessBase"]
[SourceDate "2015.07.17"]
[SourceVersion "1"]
[SourceVersionDate "2015.07.17"]
[SourceQuality "1"]
[WhiteTeam "Germany"]
[BlackTeam "Latvia"]
[WhiteTeamCountry "GER"]
[BlackTeamCountry "LAT"]

1. e4 e6 2. d4 d5 3. Nd2 c5 4. Ngf3 Nf6 5. exd5 exd5 6. Bb5+ Bd7 7. Bxd7+ Nbxd7 8. 0-0 Be7 9. dxc5 Nxc5 10. Nb3 Nce4 11. Nfd4 Qd7 12. Qf3 0-0 13. Nf5 Bd8 14. Be3 g6 15. Nh6+ Kg7 16. Rfd1 Re8 17. c3 Bc7 18. h3 Re5 19. Nd4 Rae8 20. Ng4 Nxg4 21. Qxg4 f5 22. Qf3 g5 23. Nb3 Kg6 24. c4 h5 25. cxd5 Rxd5 26. Nc5 Qd6 27. Rxd5 Qxd5 28. Nxe4 Rxe4 29. Rc1 Bb8 30. a3 Be5 31. Bxa7 Bxb2 32. Rd1 Qe6 33. Qd3 1/2-1/2

[Event "GER-ch43 V05 email"]
[Site "GER email"]
[Date "2011.04.10"]
[Round "?"]
[White "Hildebrand, Gerald"]
[Black "Lange, Lutz"]
[Result "1/2-1/2"]
[WhiteElo "2198"]
[BlackElo "2280"]
[PlyCount "84"]
[EventDate "2011.04.18"]
[EventType "tourn (corr)"]
[EventRounds "10"]
[EventCountry "GER"]
[SourceTitle "Corr 2015"]
[Source "ChessBase"]
[SourceDate "2015.07.17"]
[SourceVersion "1"]
[SourceVersionDate "2015.07.17"]
[SourceQuality "1"]
[WhiteTeam "Germany"]
[BlackTeam "Latvia"]
[WhiteTeamCountry "GER"]
[BlackTeamCountry "LAT"]

1. d4 Nf6 2. c4 e6 3. Nc3 Bb4 4. Qc2 0-0 5. a3 Bxc3+ 6. Qxc3 b6 7. Bg5 Bb7 8. f3 h6 9. Bh4 d5 10. e3 Nbd7 11. cxd5 Nxd5 12. Bxd8 Nxc3 13. Be7 Rfe8 14. Bh4 Nd5 15. Bf2 f5 16. Bb5 c6 17. Bd3 c5 18. Ne2 Rac8 19. 0-0 a6 20. Rac1 N5f6 21. Bb1 Kf7 22. Rfd1 Bd5 23. dxc5 Nxc5 24. h3 g5 25. Bg3 b5 26. Bc2 h5 27. Nd4 Rg8 28. Be1 g4 29. Kf2 Bc4 30. hxg4 hxg4 31. b3 gxf3 32. bxc4 fxg2 33. Nf3 Ng4+ 34. Ke2 Ne4 35. cxb5 axb5 36. Bd3 Rxc1 37. Rxc1 Ra8 38. Ra1 Rc8 39. Ng1 Kf6 40. Nh3 e5 41. Bxe4 fxe4 42. Bd2 Nh2 1/2-1/2

[Event "GER-ch43 V05 email"]
[Site "GER email"]
[Date "2011.04.10"]
[Round "?"]
[White "Hoffmann, Frank"]
[Black "Lange, Lutz"]
[Result "1/2-1/2"]
[WhiteElo "2039"]
[BlackElo "2280"]
[PlyCount "42"]
[EventDate "2011.04.18"]
[EventType "tourn (corr)"]
[EventRounds "10"]
[EventCountry "GER"]
[SourceTitle "Corr 2015"]
[Source "ChessBase"]
[SourceDate "2015.07.17"]
[SourceVersion "1"]
[SourceVersionDate "2015.07.17"]
[SourceQuality "1"]
[WhiteTeam "Germany"]
[BlackTeam "Latvia"]
[WhiteTeamCountry "GER"]
[BlackTeamCountry "LAT"]

1. d4 d5 2. c4 c6 3. Nf3 Nf6 4. e3 Bf5 5. Nc3 e6 6. Nh4 Bg6 7. Nxg6 hxg6 8. Qb3 Qc7 9. g3 Nbd7 10. Bg2 Be7 11. 0-0 0-0 12. cxd5 cxd5 13. e4 dxe4 14. Nxe4 Nxe4 15. Bxe4 Nb6 16. Rd1 Rfd8 17. Bf4 Qd7 18. Rac1 Rac8 19. Rxc8 Rxc8 20. d5 exd5 21. Bxd5 Nxd5 1/2-1/2

[Event "GER-ch59 V05 email"]
[Site "GER email"]
[Date "2010.12.08"]
[Round "?"]
[White "Mergard, Hans Peter"]
[Black "Lange, Lutz"]
[Result "1/2-1/2"]
[WhiteElo "1918"]
[BlackElo "2290"]
[PlyCount "59"]
[EventDate "2010.08.30"]
[EventType "tourn (corr)"]
[EventRounds "6"]
[EventCountry "GER"]
[SourceTitle "Corr 2015"]
[Source "ChessBase"]
[SourceDate "2015.07.17"]
[SourceVersion "1"]
[SourceVersionDate "2015.07.17"]
[SourceQuality "1"]

1. e4 e5 2. Nf3 Nc6 3. Bc4 Bc5 4. c3 Nf6 5. d3 a6 6. Nbd2 Ba7 7. h3 0-0 8. Bb3 d6 9. Nf1 d5 10. Qe2 h6 11. g4 Be6 12. g5 hxg5 13. Bxg5 dxe4 14. dxe4 Bxb3 15. axb3 Qd6 16. Ng3 g6 17. Nh2 Qe6 18. 0-0-0 Rfd8 19. h4 Rxd1+ 20. Rxd1 Bc5 21. h5 Nh7 22. Bh6 Qxb3 23. Nf5 Ba3 24. bxa3 Qxc3+ 25. Kb1 Qb3+ 26. Ka1 Qxa3+ 27. Qa2 Qxa2+ 28. Kxa2 gxf5 29. Rg1+ Kh8 30. Bg7+ 1/2-1/2

[Event "GER-ch59 V05 email"]
[Site "GER email"]
[Date "2010.12.05"]
[Round "?"]
[White "Lange, Lutz"]
[Black "Meller, Edwin"]
[Result "1-0"]
[WhiteElo "2290"]
[BlackElo "2188"]
[PlyCount "93"]
[EventDate "2010.08.30"]
[EventType "tourn (corr)"]
[EventRounds "6"]
[EventCountry "GER"]
[SourceTitle "Corr 2015"]
[Source "ChessBase"]
[SourceDate "2015.07.17"]
[SourceVersion "1"]
[SourceVersionDate "2015.07.17"]
[SourceQuality "1"]

1. d4 Nf6 2. c4 e6 3. Nc3 d5 4. cxd5 exd5 5. Bg5 Bb4 6. Qc2 h6 7. Bh4 g5 8. Bg3 Ne4 9. e3 Bf5 10. Bd3 Nc6 11. Nge2 Qd7 12. 0-0 Bxc3 13. bxc3 Nxg3 14. Nxg3 Bxd3 15. Qxd3 0-0-0 16. c4 dxc4 17. Qxc4 Qe6 18. Qc2 h5 19. Rab1 h4 20. Nf5 h3 21. Rfc1 Rd5 22. e4 Rxf5 23. exf5 Qd5 24. gxh3 Rxh3 25. Qc5 Qe4 26. Rb3 Rxb3 27. axb3 Qg4+ 28. Kf1 Qh3+ 29. Ke1 Qxb3 30. Ke2 Qb2+ 31. Kf3 Kd7 32. Re1 Qxd4 33. Qxd4+ Nxd4+ 34. Kg4 c5 35. f4 gxf4 36. h4 f3 37. h5 f2 38. Rh1 Ne2 39. Kf3 Nd4+ 40. Kxf2 Nxf5 41. h6 Nxh6 42. Rxh6 f5 43. Rf6 a5 44. Rxf5 Kc6 45. Ke3 b5 46. Rf8 c4 47. Kd4 1-0

[Event "GER-ch60 V06 email"]
[Site "GER email"]
[Date "2010.10.26"]
[Round "?"]
[White "Packroff, Hermann"]
[Black "Lange, Lutz"]
[Result "0-1"]
[WhiteElo "1924"]
[BlackElo "2275"]
[PlyCount "58"]
[EventDate "2010.11.04"]
[EventType "tourn (corr)"]
[EventRounds "6"]
[EventCountry "GER"]
[SourceTitle "Corr 2015"]
[Source "ChessBase"]
[SourceDate "2015.07.17"]
[SourceVersion "1"]
[SourceVersionDate "2015.07.17"]
[SourceQuality "1"]
[WhiteTeam "Germany"]
[BlackTeam "Latvia"]
[WhiteTeamCountry "GER"]
[BlackTeamCountry "LAT"]

1. e4 e6 2. d4 d5 3. Nc3 Nf6 4. e5 Nfd7 5. f4 c5 6. Nf3 Nc6 7. Be3 a6 8. Qd2 b5 9. dxc5 Bxc5 10. Bxc5 Nxc5 11. Qf2 Qb6 12. Bd3 b4 13. Ne2 a5 14. 0-0 Ba6 15. Rad1 0-0 16. Ned4 Nxd4 17. Nxd4 g6 18. g4 Kh8 19. Nb3 Rfc8 20. f5 gxf5 21. gxf5 Rg8+ 22. Kh1 Bb7 23. Nd4 Ne4 24. Qe3 exf5 25. Bxe4 dxe4 26. Nxf5 Qg6 27. Rd2 Rad8 28. Nd6 f5 29. Nxb7 f4 0-1

[Event "GER-ch59 V05 email"]
[Site "GER email"]
[Date "2010.??.??"]
[Round "?"]
[White "Lange, Lutz"]
[Black "Roeckendorf, Paul Uwe"]
[Result "1/2-1/2"]
[WhiteElo "2290"]
[BlackElo "2045"]
[PlyCount "261"]
[EventDate "2010.08.30"]
[EventType "tourn (corr)"]
[EventRounds "6"]
[EventCountry "GER"]
[SourceTitle "Corr 2015"]
[Source "ChessBase"]
[SourceDate "2015.07.17"]
[SourceVersion "1"]
[SourceVersionDate "2015.07.17"]
[SourceQuality "1"]

1. d4 Nf6 2. c4 e6 3. Nf3 d5 4. Nc3 c6 5. e3 Be7 6. Bd3 Nbd7 7. 0-0 0-0 8. b3 b6 9. Bb2 Bb7 10. Qe2 c5 11. Rfd1 cxd4 12. exd4 Re8 13. Ne5 a6 14. Rac1 g6 15. a4 Bf8 16. f4 dxc4 17. Bxc4 Qe7 18. Rc2 Red8 19. Rcd2 Bh6 20. d5 exd5 21. Nxd5 Nxd5 22. Bxd5 Bxd5 23. Rxd5 Nf6 24. R5d4 Rxd4 25. Bxd4 Qe6 26. Qc4 Qxc4 27. Nxc4 Rd8 28. Nb2 Ne4 29. Bxb6 Rxd1+ 30. Nxd1 Bxf4 31. Nf2 Nc3 32. Nd3 Bd6 33. Bc5 Bc7 34. Nb4 a5 35. Na6 Bd8 36. Kf2 Nd5 37. Ke2 f5 38. Bd6 Kf7 39. Nc5 g5 40. Kd3 h5 41. Kd4 Nf6 42. Ke5 f4 43. h3 Kg6 44. Ke6 Ne8 45. Be5 Bb6 46. Nd7 Bc7 47. Nf8+ Kh6 48. Bc3 Ng7+ 49. Kd7 Bb6 50. Kc6 Be3 51. Nd7 Nf5 52. Kd5 g4 53. hxg4 hxg4 54. Ne5 Kh5 55. Bxa5 Nh4 56. Ke4 Nxg2 57. Bc7 Ne1 58. Nc4 Bc1 59. Bxf4 Bxf4 60. Kxf4 Nd3+ 61. Ke3 g3 62. Kf3 Kh4 63. Ne3 Kh3 64. a5 Nb4 65. Ng2 Na6 66. Nf4+ Kh2 67. Ke3 Nb4 68. Kd2 Nd5 69. Ne2 g2 70. a6 Nf4 71. a7 Nxe2 72. Kxe2 g1Q 73. a8Q Qd4 74. Qf3 Qb2+ 75. Ke1 Qa1+ 76. Kf2 Qd4+ 77. Qe3 Qf6+ 78. Ke2 Qb2+ 79. Kf3 Qg2+ 80. Kf4 Qb2 81. Ke4 Qg2+ 82. Kd4 Qb7 83. Qd2+ Kh1 84. b4 Qd7+ 85. Kc3 Qc6+ 86. Kb2 Qf6+ 87. Kb1 Qf5+ 88. Qc2 Qd5 89. Qc1+ Kg2 90. Kb2 Qe5+ 91. Qc3 Qe6 92. b5 Kf1 93. Qc1+ Kf2 94. Qc5+ Kf1 95. b6 Qe2+ 96. Ka3 Qf3+ 97. Kb4 Kg2 98. Ka5 Qd3 99. Qc6+ Kf2 100. b7 Qa3+ 101. Kb6 Qb4+ 102. Ka7 Qa3+ 103. Qa6 Qe7 104. Qa2+ Kg3 105. Qb3+ Kh2 106. Qc2+ Kh1 107. Qd1+ Kg2 108. Qd5+ Kh2 109. Qh5+ Kg3 110. Qa5 Kh2 111. Qc3 Kg2 112. Kb6 Qd8+ 113. Qc7 Qd4+ 114. Qc5 Qb2+ 115. Kc6 Qf6+ 116. Kd7 Qf7+ 117. Qe7 Qd5+ 118. Ke8 Qg8+ 119. Qf8 Qe6+ 120. Kd8 Qb6+ 121. Kc8 Qc6+ 122. Kb8 Qc3 123. Qg8+ Kh2 124. Qa2+ Kg3 125. Ka8 Qf3 126. Qa5 Qe4 127. Qc3+ Kg2 128. Qb2+ Kh1 129. Ka7 Qe7 130. Ka6 Qe6+ 131. Ka5 1/2-1/2

[Event "GER-ch44 final email"]
[Site "GER email"]
[Date "2009.09.11"]
[Round "?"]
[White "Hildebrand, Gerald"]
[Black "Lange, Lutz"]
[Result "1/2-1/2"]
[WhiteElo "2193"]
[BlackElo "2290"]
[PlyCount "69"]
[EventDate "2009.10.07"]
[EventType "tourn (corr)"]
[EventRounds "13"]
[EventCountry "GER"]
[SourceTitle "Corr 2011"]
[Source "ChessBase"]
[SourceDate "2010.08.31"]
[SourceVersion "1"]
[SourceVersionDate "2010.08.31"]
[SourceQuality "1"]

1. d4 d5 2. c4 c6 3. Nc3 Nf6 4. e3 e6 5. Nf3 Nbd7 6. Qc2 Bd6 7. Be2 0-0 8. 0-0 Re8 9. Rd1 Qe7 10. h3 h6 11. b3 b6 12. e4 Nxe4 13. Nxe4 dxe4 14. Qxe4 Nf6 15. Qe3 Bb7 16. Bb2 c5 17. Ne5 cxd4 18. Bxd4 Qc7 19. a4 Ne4 20. Bf3 Bxe5 21. Bxe4 Bf4 22. Qf3 Bxe4 23. Qxe4 Rad8 24. Bb2 Bd6 25. Bc3 a5 26. Qg4 Bh2+ 27. Kh1 Be5 28. Bxe5 Qxe5 29. Rac1 Qf6 30. Kg1 g6 31. Qg3 Rxd1+ 32. Rxd1 Rd8 33. Rxd8+ Qxd8 34. Qe5 Kh7 35. Qe3 1/2-1/2

[Event "GER-ch44 final email"]
[Site "GER email"]
[Date "2009.09.03"]
[Round "?"]
[White "Gonschior, Manfred"]
[Black "Lange, Lutz"]
[Result "1/2-1/2"]
[WhiteElo "2153"]
[BlackElo "2290"]
[PlyCount "56"]
[EventDate "2009.10.07"]
[EventType "tourn (corr)"]
[EventRounds "13"]
[EventCountry "GER"]
[SourceTitle "Corr 2011"]
[Source "ChessBase"]
[SourceDate "2010.08.31"]
[SourceVersion "1"]
[SourceVersionDate "2010.08.31"]
[SourceQuality "1"]

1. e4 e6 2. d4 d5 3. Nd2 c5 4. exd5 exd5 5. Bb5+ Bd7 6. Qe2+ Be7 7. Ngf3 Nf6 8. dxc5 0-0 9. Nb3 Re8 10. Be3 a6 11. Bxd7 Nbxd7 12. 0-0 Nxc5 13. Rfe1 Qc7 14. c3 Nce4 15. Nfd4 Bf8 16. Nd2 Nd6 17. h3 Rad8 18. Rad1 g6 19. Nc2 Nf5 20. Qf3 Nxe3 21. Rxe3 Qb6 22. Rxe8 Rxe8 23. Nb3 a5 24. Ne3 a4 25. Nd4 Bg7 26. b4 axb3 27. axb3 Qc5 28. Ne2 Qa3 1/2-1/2

[Event "GER-ch44 final email"]
[Site "GER email"]
[Date "2009.05.18"]
[Round "?"]
[White "Lange, Lutz"]
[Black "Dorer, Manfred"]
[Result "1/2-1/2"]
[WhiteElo "2290"]
[BlackElo "2072"]
[PlyCount "70"]
[EventDate "2009.10.07"]
[EventType "tourn (corr)"]
[EventRounds "13"]
[EventCountry "GER"]
[SourceTitle "Corr 2011"]
[Source "ChessBase"]
[SourceDate "2010.08.31"]
[SourceVersion "1"]
[SourceVersionDate "2010.08.31"]
[SourceQuality "1"]

1. d4 Nf6 2. c4 e6 3. Nf3 d5 4. Nc3 c6 5. e3 Nbd7 6. Bd3 dxc4 7. Bxc4 b5 8. Bd3 Bb7 9. 0-0 a6 10. e4 c5 11. d5 Qc7 12. dxe6 fxe6 13. Bc2 Bd6 14. Ng5 Nf8 15. f4 0-0-0 16. Qe1 e5 17. Nd5 Bxd5 18. exd5 exf4 19. a4 b4 20. Qe2 c4 21. b3 h6 22. Ne6 Nxe6 23. dxe6 Nd5 24. bxc4 Nc3 25. Qf3 Kb8 26. Bb2 Qxc4 27. Bg6 Rc8 28. Rfe1 Rc7 29. Kh1 Ka7 30. h3 Rhc8 31. Bd3 Qc5 32. Bxc3 bxc3 33. Rad1 Be7 34. Bc2 g5 35. Rd5 Qc6 1/2-1/2

[Event "GER-ch39 V09 email"]
[Site "GER email"]
[Date "2009.01.02"]
[Round "?"]
[White "Lange, Lutz"]
[Black "Schwetlick, Thomas"]
[Result "1-0"]
[WhiteElo "2290"]
[BlackElo "2250"]
[PlyCount "69"]
[EventDate "2007.??.??"]
[EventType "tourn (corr)"]
[EventRounds "12"]
[EventCountry "GER"]
[SourceTitle "Corr 2011"]
[Source "ChessBase"]
[SourceDate "2010.08.31"]
[SourceVersion "1"]
[SourceVersionDate "2010.08.31"]
[SourceQuality "1"]

1. d4 Nf6 2. c4 g6 3. Nc3 Bg7 4. e4 d6 5. Be2 0-0 6. Nf3 e5 7. 0-0 Nc6 8. d5 Ne7 9. b4 Nh5 10. Re1 h6 11. Nd2 Nf4 12. Bf1 f5 13. c5 fxe4 14. Ndxe4 Nf5 15. g3 Nh5 16. Bg2 Nd4 17. Be3 Nf6 18. Nxf6+ Qxf6 19. Ne4 Qd8 20. Rc1 Nf5 21. a4 b6 22. Bd2 a5 23. cxd6 cxd6 24. b5 Kh7 25. h4 Bd7 26. h5 g5 27. g4 Nd4 28. Nxd6 Bxg4 29. Qxg4 Qxd6 30. Rc6 Nxc6 31. Qe4+ Kg8 32. bxc6 Rf6 33. Rb1 Qc7 34. Be3 Rb8 35. d6 1-0

[Event "Niedersachsen-ch Seniors op 11th"]
[Site "Bad Bevensen"]
[Date "2008.07.10"]
[Round "3"]
[White "Borkenhagen, Bernd"]
[Black "Lange, Lutz"]
[Result "1/2-1/2"]
[WhiteElo "1533"]
[BlackElo "1669"]
[PlyCount "75"]
[EventDate "2008.07.08"]
[EventType "swiss"]
[EventRounds "9"]
[EventCountry "GER"]
[SourceTitle "EXT 2022"]
[Source "ChessBase"]
[SourceDate "2021.10.06"]
[SourceVersion "1"]
[SourceVersionDate "2021.10.06"]
[SourceQuality "1"]

1. d4 d5 2. e3 Nf6 3. Bd3 c6 4. Nd2 Bg4 5. Ngf3 e6 6. h3 Bxf3 7. Qxf3 Nbd7 8. c3 Be7 9. 0-0 0-0 10. e4 dxe4 11. Nxe4 Nxe4 12. Bxe4 Nf6 13. Bc2 Re8 14. Bg5 Qd5 15. Qxd5 Nxd5 16. Bxe7 Rxe7 17. Rfe1 Rae8 18. Kf1 g6 19. Bb3 Kg7 20. Bxd5 exd5 21. Rxe7 Rxe7 22. Re1 Rxe1+ 23. Kxe1 f5 24. Ke2 g5 25. g4 Kg6 26. f3 Kf6 27. Kd3 Ke6 28. b3 f4 29. a3 a5 30. b4 axb4 31. axb4 Kd6 32. Kc2 b6 33. Kb3 c5 34. Ka4 cxd4 35. cxd4 Kc6 36. b5+ Kd6 37. Kb4 Ke6 38. Kc3 1/2-1/2